000 01220nam a2200241Ia 4500
003 Ost
005 20260507075409.0
008 260507s9999||||xx |||||||||||||| ||und||
040 _cfsecg
041 _aara
082 _a0
100 _aهلال، عصام الدين على حسن
_eمؤلف
245 0 _aالقيم الإقتصادية في الصحافة المصرية /
_c عصام الدين على حسن هلال
260 _aالإسكندرية:
_bدار الفكر الجامعي,
_c2009
300 _a459 صفحة؛
_bإيضاحات ؛
_c24 سم
504 _aالمراجع ص.408
520 _aيضم الإطار العام للدراسة، التغيرات المجتمعية الحادثة في المجتمع المصري والتغير القيمي الحادث، الصحافة والتغير الإقتصادي، الصحافة والوعي الإقتصادي، القيم الإقتصادية الدراسة التحليلية، نتلائج الدراسة وتوصياتها
653 _aالتغير الإجتماعي
653 _aالصحافة
653 _aالصحافة- مصر
700 _aالجندي، محمد حسن على
_eمؤلف ثانوي
942 _cكتاب
999 _c44364
_d44364